000 00390nam a22001331 4500
020 _a0470396105
050 0 0 _aQD475
_b.H5
100 1 _aHill, H. A. O.
245 1 0 _aPhysical methods in advanced inorganic chemistry,
_cedited by H. A. O. Hill [and] P. Day.
260 _aLondon,
_aNew York [etc.]
_bInterscience Publishers,
_c1968.
300 _aviii, 627 p.
700 1 _aDay, P.
942 _cGEN
999 _c2095
_d2095